[Event "CRO Cup"]
[Site "Mali Losinj"]
[Date "2024.05.10"]
[Round "4.13"]
[White "Jakrlin, Mihael"]
[Black "Rezan, Sasa"]
[Result "1/2-1/2"]
[WhiteElo "2116"]
[BlackElo "2383"]
[PlyCount "57"]
[EventDate "2024.05.08"]
[EventType "team-swiss"]
[EventRounds "6"]
[EventCountry "CRO"]
[SourceTitle "CB20_2024"]
[SourceDate "2024.05.16"]
[SourceVersion "1"]
[SourceVersionDate "2024.05.16"]
[SourceQuality "1"]
[WhiteTeam "Rijeka Junior"]
[BlackTeam "Bibinje Goran"]
[WhiteTeamCountry "CRO"]
[BlackTeamCountry "CRO"]

1. e4 c5 2. Nf3 d6 3. c3 Nf6 4. h3 Nbd7 5. Bd3 b6 6. 0-0 Bb7 7. Re1 Rc8 8. Bc2 Qc7 9. Na3 e6 10. d4 cxd4 11. Nb5 Qc5 12. a4 a6 13. Nbxd4 h6 14. Bf4 e5 15. Nb3 Qc7 16. Bd2 g6 17. Qe2 Bg7 18. Bd3 Ra8 19. c4 a5 20. Bc3 0-0 21. Qc2 Nh5 22. Rad1 Bc6 23. Nbd2 Nc5 24. b3 Qb7 25. Nh4 Bf6 26. Nhf3 Be7 27. Bf1 Nf6 28. Bd3 Nh5 29. Bf1 1/2-1/2

[Event "CRO-ch U19"]
[Site "Split"]
[Date "2021.07.28"]
[Round "6"]
[White "Duda, Daniel1111"]
[Black "Jakrlin, Mihael"]
[Result "0-1"]
[WhiteElo "1962"]
[BlackElo "2120"]
[PlyCount "132"]
[EventDate "2021.07.25"]
[EventType "swiss"]
[EventRounds "9"]
[EventCountry "CRO"]
[SourceTitle "EXT 2022"]
[Source "ChessBase"]
[SourceDate "2021.10.06"]
[SourceVersion "1"]
[SourceVersionDate "2021.10.06"]
[SourceQuality "1"]

1. d4 Nf6 2. Nc3 d5 3. Bf4 e6 4. e3 a6 5. g4 c5 6. g5 Ne4 7. Nxe4 dxe4 8. Bg2 Nc6 9. Bxe4 cxd4 10. Bxc6+ bxc6 11. Qxd4 Qxd4 12. exd4 Bb7 13. Ne2 c5 14. 0-0 0-0-0 15. dxc5 Bxc5 16. c3 e5 17. Bxe5 Rhe8 18. Bd4 Rxe2 19. Bxc5 Rdd2 20. b4 Re4 21. f4 Rxb4 22. Rf2 Rxf2 23. Kxf2 Rxf4+ 24. Ke1 Bd5 25. a3 Kd7 26. Kd2 Rh4 27. Bg1 Rg4 28. Re1 Rxg5 29. Bd4 f6 30. Rg1 Bg2 31. Ke3 h6 32. h4 Rg6 33. Kf2 Be4 34. Rxg6 Bxg6 35. Bc5 Ke6 36. Ke3 Be8 37. Kf4 g5+ 38. Kg3 Kf5 39. Bd4 Bf7 40. Be3 Be6 41. Bd4 Bd7 42. Be3 Bc8 43. Bd4 Be6 44. Be3 Ke4 45. Kf2 gxh4 46. Bxh6 f5 47. a4 f4 48. Bg7 Bd5 49. a5 h3 50. Kg1 Kf3 51. Bd4 Ke2 52. Bc5 Kd3 53. Bd4 Kc4 54. Be5 f3 55. Bd4 Kd3 56. Kh2 Be6 57. Kg1 Bg4 58. Kh2 Kc4 59. Kg1 Kb5 60. Bb6 Be6 61. Kh2 f2 62. Bxf2 Kxa5 63. c4 Kb4 64. c5 Kb5 65. Kg3 a5 66. Bg1 a4 0-1

[Event "CRO-chT U20 30th"]
[Site "Rabac"]
[Date "2021.04.10"]
[Round "9.1"]
[White "Jakrlin, Mihael"]
[Black "Karlusic, Luka"]
[Result "1/2-1/2"]
[WhiteElo "2106"]
[BlackElo "2047"]
[PlyCount "64"]
[EventDate "2021.04.06"]
[EventType "team-tourn"]
[EventRounds "11"]
[EventCountry "CRO"]
[SourceTitle "CBM 201 Extra"]
[Source "ChessBase"]
[SourceDate "2021.05.31"]
[SourceVersion "1"]
[SourceVersionDate "2021.05.31"]
[SourceQuality "1"]
[WhiteTeam "Rijeka Junior U20"]
[BlackTeam "Sveta Nedelja U20"]
[WhiteTeamCountry "CRO"]
[BlackTeamCountry "CRO"]

1. Nf3 d5 2. g3 Nf6 3. Bg2 e6 4. 0-0 Be7 5. c4 0-0 6. b3 c5 7. Bb2 Nc6 8. e3 b6 9. Qe2 Bb7 10. d4 Rc8 11. Nbd2 dxc4 12. bxc4 Na5 13. Nb3 cxd4 14. Nxa5 d3 15. Qd1 bxa5 16. Ne5 Bxg2 17. Kxg2 Nd7 18. Nxd3 Rxc4 19. Rc1 Rxc1 20. Nxc1 Nb6 21. Qxd8 Rxd8 22. Bd4 f6 23. f4 a4 24. Rf2 Rc8 25. Nd3 a3 26. Kf1 Rc7 27. Ke1 Kf7 28. Kd1 Na4 29. Rc2 Rb7 30. Kc1 Nb6 31. Rc6 Nd5 32. Ra6 Nb6 1/2-1/2

[Event "EU-ch Online U18"]
[Site "Tornelo INT"]
[Date "2020.09.20"]
[Round "7"]
[White "Jakrlin, Mihael"]
[Black "Omorjan, Dejan"]
[Result "0-1"]
[WhiteElo "2147"]
[BlackElo "2259"]
[PlyCount "100"]
[EventDate "2020.09.18"]
[EventType "swiss (rapid)"]
[EventRounds "9"]
[EventCountry "ENG"]
[SourceTitle "CBM 198 Extra"]
[Source "ChessBase"]
[SourceDate "2020.11.30"]
[SourceVersion "1"]
[SourceVersionDate "2020.11.30"]
[SourceQuality "1"]

1. Nf3 Nf6 2. g3 g6 3. b3 Bg7 4. Bb2 0-0 5. Bg2 d6 6. d4 Nfd7 7. 0-0 c5 8. c4 Nc6 9. e3 e5 10. d5 Ne7 11. Qd2 h6 12. Nc3 f5 13. Rfb1 g5 14. a3 Ng6 15. b4 b6 16. bxc5 Nxc5 17. Qc2 Ba6 18. Nd2 Qe8 19. Nb5 Qd7 20. a4 Rac8 21. Bh3 Rf6 22. f3 h5 23. Rf1 Rcf8 24. f4 Bh6 25. Rae1 Bc8 26. fxg5 Bxg5 27. Nf3 Bh6 28. e4 Qg7 29. exf5 Bxf5 30. Bxf5 Rxf5 31. Nd2 Bxd2 32. Qxd2 Nf4 33. Nxd6 Nh3+ 34. Kg2 Rf2+ 35. Rxf2 Rxf2+ 36. Qxf2 Nxf2 37. Bxe5 Qd7 38. Bd4 Qxd6 39. Bxf2 Qd7 40. Bxc5 bxc5 41. a5 h4 42. Re6 hxg3 43. hxg3 Qa4 44. Re4 Qxa5 45. Kf3 Qd2 46. Kg4 a5 47. Kf5 Qd3 48. g4 a4 49. Ke5 a3 50. d6 a2 0-1

[Event "CRO-ch U17/U19"]
[Site "Vinkovci"]
[Date "2019.07.26"]
[Round "7"]
[White "Karlusic, Luka"]
[Black "Jakrlin, Mihael"]
[Result "0-1"]
[WhiteElo "1936"]
[BlackElo "1925"]
[PlyCount "72"]
[EventDate "2019.07.22"]
[EventType "swiss"]
[EventRounds "9"]
[EventCountry "CRO"]
[SourceTitle "EXT 2020"]
[Source "ChessBase"]
[SourceDate "2019.10.17"]
[SourceVersion "1"]
[SourceVersionDate "2019.10.17"]
[SourceQuality "1"]

1. d4 Nf6 2. c4 e6 3. Nc3 Bb4 4. e3 0-0 5. Nge2 b6 6. a3 Be7 7. e4 d6 8. Ng3 Nbd7 9. Be2 Bb7 10. 0-0 Re8 11. Qc2 c5 12. d5 exd5 13. cxd5 a6 14. a4 Ne5 15. f3 Qc7 16. Be3 Bc8 17. Rfb1 Bd7 18. b4 Ng6 19. Ra2 Rec8 20. bxc5 dxc5 21. Rab2 Rcb8 22. f4 Nxf4 23. Bxf4 Qxf4 24. Rxb6 Rxb6 25. Rxb6 Qe3+ 26. Kh1 c4 27. Rb1 Rc8 28. Nd1 Qa3 29. Nf5 Bxf5 30. exf5 Nxd5 31. f6 gxf6 32. Qf5 Qc5 33. Rc1 Nb6 34. Qg4+ Kf8 35. Nc3 Qe3 36. Rc2 Bc5 0-1

[Event "CRO-ch U17/U19"]
[Site "Vinkovci"]
[Date "2019.07.24"]
[Round "4"]
[White "Jakrlin, Mihael"]
[Black "Radovcic, Gabrijel"]
[Result "0-1"]
[WhiteElo "1925"]
[BlackElo "2047"]
[PlyCount "68"]
[EventDate "2019.07.22"]
[EventType "swiss"]
[EventRounds "9"]
[EventCountry "CRO"]
[SourceTitle "EXT 2020"]
[Source "ChessBase"]
[SourceDate "2019.10.17"]
[SourceVersion "1"]
[SourceVersionDate "2019.10.17"]
[SourceQuality "1"]

1. Nf3 d5 2. b3 Nf6 3. Bb2 c5 4. e3 g6 5. d4 Bg7 6. Nbd2 0-0 7. dxc5 Nbd7 8. b4 Re8 9. Be2 e5 10. 0-0 a5 11. a3 Qc7 12. Nb3 Ng4 13. g3 Ngf6 14. c4 e4 15. Nfd2 axb4 16. axb4 Rxa1 17. Qxa1 Ne5 18. Rc1 Bg4 19. Bxg4 Nfxg4 20. cxd5 Qd7 21. Kg2 Nxf2 22. Rf1 Qh3+ 23. Kxf2 Qxh2+ 24. Ke1 Nd3+ 25. Kd1 Nxb2+ 26. Kc2 Qe2 27. Qxb2 Bxb2 28. Kxb2 Qxe3 29. Rc1 Qf2 30. Rc2 e3 31. Ne4 Qf3 32. Nd6 Rb8 33. c6 bxc6 34. dxc6 Qf6+ 0-1

[Event "CRO-ch U15"]
[Site "Trogir"]
[Date "2017.06.21"]
[Round "8"]
[White "Levacic, Matej"]
[Black "Jakrlin, Mihael"]
[Result "0-1"]
[WhiteElo "1786"]
[BlackElo "1741"]
[PlyCount "112"]
[EventDate "2017.06.17"]
[EventType "swiss"]
[EventRounds "9"]
[EventCountry "CRO"]
[SourceTitle "CBM 179 Extra"]
[Source "ChessBase"]
[SourceDate "2017.08.23"]
[SourceVersion "1"]
[SourceVersionDate "2017.08.23"]
[SourceQuality "1"]

1. d4 g6 2. Bf4 Bg7 3. e3 d6 4. Nf3 Nf6 5. h3 Nfd7 6. Be2 0-0 7. 0-0 e5 8. Bh2 c6 9. c4 Qe7 10. Nc3 Kh8 11. Rc1 a5 12. Qa4 f5 13. Qa3 g5 14. dxe5 Nxe5 15. Nxe5 Bxe5 16. Bxe5+ Qxe5 17. Rfd1 Rf6 18. Na4 Nd7 19. Qc3 f4 20. Qxe5 Nxe5 21. Nb6 Rb8 22. c5 fxe3 23. fxe3 Nf7 24. Rf1 Kg7 25. Rxf6 Kxf6 26. Rf1+ Ke7 27. cxd6+ Nxd6 28. Bd3 h6 29. e4 Be6 30. a4 Nf7 31. Bc4 Ne5 32. Bxe6 Kxe6 33. Rf5 Rd8 34. Rf2 Rd4 35. Re2 Rb4 36. Na8 Nc4 37. b3 Rxb3 38. Rc2 Rb4 39. Ra2 Ke5 40. Nc7 Kxe4 41. Ne6 Kd5 42. Nd8 b5 43. axb5 Rb1+ 44. Kf2 cxb5 45. Kf3 Ne5+ 46. Ke3 Rb3+ 47. Ke2 a4 48. Nb7 Nc4 49. Kd1 a3 50. Kc2 Rg3 51. Kc1 b4 52. Rf2 b3 53. Kb1 a2+ 54. Ka1 Rc3 55. Rf1 Rc1+ 56. Rxc1 b2+ 0-1

[Event "CRO-chT U16 final"]
[Site "Djurdjevac"]
[Date "2016.12.28"]
[Round "3.22"]
[White "Cvitan, Ena"]
[Black "Jakrlin, Mihael"]
[Result "1/2-1/2"]
[WhiteElo "2079"]
[BlackElo "1663"]
[PlyCount "155"]
[EventDate "2016.12.27"]
[EventType "team-tourn"]
[EventRounds "7"]
[EventCountry "CRO"]
[SourceTitle "EXT 2019"]
[Source "ChessBase"]
[SourceDate "2018.10.10"]
[SourceVersion "1"]
[SourceVersionDate "2018.10.10"]
[SourceQuality "1"]

1. Nf3 Nf6 2. e3 g6 3. d4 Bg7 4. c4 c5 5. Nc3 0-0 6. Be2 d6 7. 0-0 Bg4 8. h3 Bf5 9. Qb3 Qc7 10. d5 a6 11. Na4 Nbd7 12. Nh4 Ne5 13. Nxf5 gxf5 14. Nc3 Kh8 15. Qc2 e6 16. Rd1 Rad8 17. e4 Nxe4 18. Nxe4 fxe4 19. Qxe4 f5 20. Qc2 f4 21. dxe6 f3 22. Bxf3 Nxf3+ 23. gxf3 Rxf3 24. Bg5 Rg8 25. h4 Bd4 26. Rxd4 cxd4 27. Qe4 Rff8 28. Qxd4+ Qg7 29. Qxg7+ Rxg7 30. Kf1 Rg6 31. e7 Re8 32. f4 Re6 33. f5 Re4 34. Rd1 h6 35. Bxh6 R8xe7 36. Bg5 Rf7 37. f6 Rxc4 38. Rxd6 Rc2 39. Rb6 Kh7 40. a4 Kg6 41. b3 Kf5 42. Rb4 Rc3 43. Ke2 Rd7 44. Rf4+ Ke6 45. b4 Rdc7 46. Re4+ Kf7 47. Rd4 R3c4 48. Kd3 b5 49. axb5 axb5 50. Rd8 Rxb4 51. h5 Rbc4 52. h6 Kg6 53. Rg8+ Kh7 54. Rf8 Rd7+ 55. Ke2 Rcc7 56. Re8 b4 57. Re7+ Rxe7+ 58. fxe7 Rc8 59. Kd3 Kg6 60. Bf4 b3 61. e8Q+ Rxe8 62. Kc3 Rf8 63. Bc1 Rc8+ 64. Kb2 Rc2+ 65. Kb1 Rh2 66. Bf4 Re2 67. Ka1 Kf5 68. h7 Re8 69. Bd2 Rh8 70. Kb2 Ke4 71. Kxb3 Rxh7 72. Kc4 Rh5 73. Bc1 Rh8 74. Bd2 Rc8+ 75. Kb5 Kd5 76. Kb6 Rc2 77. Bf4 Rb2+ 78. Kc7 1/2-1/2

[Event "CRO-chT U16 final"]
[Site "Djurdjevac"]
[Date "2016.12.28"]
[Round "4.22"]
[White "Jakrlin, Mihael"]
[Black "Leskovar, Viktor"]
[Result "1-0"]
[WhiteElo "1663"]
[BlackElo "1802"]
[PlyCount "157"]
[EventDate "2016.12.27"]
[EventType "team-tourn"]
[EventRounds "7"]
[EventCountry "CRO"]
[SourceTitle "EXT 2019"]
[Source "ChessBase"]
[SourceDate "2018.10.10"]
[SourceVersion "1"]
[SourceVersionDate "2018.10.10"]
[SourceQuality "1"]

1. d4 Nf6 2. Bg5 g6 3. Bxf6 exf6 4. e3 Bg7 5. g3 0-0 6. Bg2 d5 7. c4 dxc4 8. Nc3 c6 9. Nge2 f5 10. 0-0 Nd7 11. Rc1 Qa5 12. Nf4 Nb6 13. h4 Be6 14. g4 fxg4 15. Nxe6 fxe6 16. Qxg4 Qf5 17. Qxf5 gxf5 18. Ne2 Bf6 19. Nf4 Kf7 20. h5 Be7 21. Rfe1 Rg8 22. Kf1 Bd6 23. Nh3 Rg7 24. Bf3 Rag8 25. h6 Rg4 26. Bxg4 fxg4 27. Ng1 Rg6 28. f3 g3 29. Re2 Rxh6 30. f4 Rg6 31. Rg2 h5 32. Nf3 Nd5 33. Ke2 b5 34. Rh1 Bxf4 35. exf4 Nxf4+ 36. Kf1 Kg7 37. Rh4 Nxg2 38. Kxg2 Kh6 39. Ne5 Rg7 40. Nxc6 Kg5 41. Kxg3 Rf7 42. Rh1 Rc7 43. Nd8 Rd7 44. Nxe6+ Kf6 45. Re1 Rd6 46. Nc7 Rxd4 47. Nxb5 Rd2 48. Rf1+ Kg5 49. Rf2 Rd3+ 50. Kh2 h4 51. a4 a6 52. Nc3 Re3 53. Rg2+ Kf5 54. Rg8 Rd3 55. Rb8 Kg4 56. Rb4 Rd2+ 57. Kg1 Kf3 58. Rxc4 Rxb2 59. Rxh4 Rc2 60. Rh3+ Kf4 61. Rd3 Ke5 62. Kf1 Ke6 63. Ne2 Rc4 64. Nc3 Ke5 65. Ke2 Ke6 66. Re3+ Kd6 67. Kd3 Rh4 68. Re4 Rh6 69. Kc4 Kc6 70. Kb4 Rg6 71. Rc4+ Kb7 72. Nd5 Rg5 73. Rc7+ Kb8 74. Rc5 Kb7 75. Rc7+ Kb8 76. Rd7 Rg1 77. Ka5 Ra1 78. Kxa6 Rh1 79. Rd8# 1-0